Score 0/20 Timer 04:00
0 Plays Today
% Correct
Thelma & Louise
91%
The Blues Brothers
91%
Bonnie and Clyde
90.7%
Rain Man
90.1%
National Lampoon's Vacation
88.8%
Mad Max
88%
Planes, Trains and Automobiles
85.3%
Natural Born Killers
84%
Wild Hogs
83.9%
Jeepers Creepers
78.6%
% Correct
Road Trip
77.9%
Easy Rider
77.1%
The Cannonball Run
76.6%
Due Date
75.9%
Smokey and the Bandit
75.6%
The Motorcycle Diaries
75.3%
Paper Moon
71.7%
RV
65.5%
Boys on the Side
60.4%
Kalifornia
60.1%
Remove Ads.
Support Sporcle.
Get the best of Sporcle when you Go Orange. This ad-free experience offers more features, more stats, and more fun while also helping to support Sporcle. Thank you for becoming a member.

You're not logged in!

Compare scores with friends on all Sporcle quizzes.
OR
Log In

Show Comments

Extras

Top Quizzes Today


Score Distribution

Your Account Isn't Verified!

In order to create a playlist on Sporcle, you need to verify the email address you used during registration. Go to your Sporcle Settings to finish the process.

Report this User

Report this user for behavior that violates our Community Guidelines.

Details: